00222nam a2200097 4500020001600000082002000016100001600036245003900052260002500091300000800116 a0273 361910 a541 BENb007616 aBenham,P.P. aMechanics of Solids And Structures aLondonbPitmanc1973 a664